<The> Banker

Guardado en:
Detalles Bibliográficos
Formato: Seriadas
Lenguaje:inglés
Publicado: London Financial Times Business Pub. 1982
Etiquetas: Agregar Etiqueta
Sin Etiquetas, Sea el primero en etiquetar este registro!

MARC

LEADER 00000nas2a22000001 4500
001 s123076
005 20250730114214.1
041 0 |a eng 
044 |a GB 
245 1 0 |a <The> Banker 
264 1 |a London  |b Financial Times Business Pub.  |c 1982 
300 |a 2 zv. 
773 0 |w eu_un_cat*s120423